000 01769cam a22004574i 4500
003 PE-LiUPU
005 20250731173209.0
008 150625s1996 miu r 000 0 eng d
020 _a0830816232
035 _a(Sirsi) i9780830816231
040 _aPE-LiUPU
_bspa
_cPE-LiUPU
_erda
049 _aPRUA
082 0 4 _a220.63
_bD99
_221
245 0 4 _aThe act of Bible reading :
_ba multidisciplinary approach to biblical interpretation /
_cGordon D. Fee...[et al.] ; editado por Elmer Dyck.
264 1 _aIllinois :
_bInterVarsity Press,
_c1996.
300 _a182 páginas ;
_c21 centímetros
336 _atext
_2rdacontent
337 _aunmediated
_2rdamedia
338 _avolume
_2rdacarrier
505 0 _aHistory as context for interpretation.- Canon as context for interpretation -- Theology & Bible reading -- The sociology of knowledge & the art of suspicion -- Hermeneutics & the postmodern reaction against -- Toward a biblical spirituality.
526 _aSEG42
526 _aSEG41
526 _aSEG40
526 _aSEG39
526 _aP94
526 _aP87
526 _aP86
526 _aP85
526 _aP77
526 _aP76
526 _aP35
650 1 4 _aHermenéutica bíblica.
650 2 4 _aBiblia
_xCrítica, interpretación, etc.
700 1 _aDyck, Elmer,
_eeditor.
942 _2ddc
_cBOOK
949 _a220.63 D99
_wDEWEY
_c1
_i42151
_lCCODEBUL1
_mBUL
_p12.99
_r0
_sY
_tBOOK
_u2015-6-25
_xTEOLOGIA
_PP35
_0COMPRA
_o.STAFF. Colección Teología
994 _aC0
_bPEPRU
596 _a1
999 _a220.63 D99
_wDEWEY
_c39537
_i42151
_f2021-11-11
_g5
_lCCODEBUL1
_mBUL
_p12.99
_r0
_sY
_tBOOK
_u2015-6-25
_xTEOLOGIA
_PP35
_0COMPRA
_o.STAFF. Colección Teología
_d39537
980 _81
_gALBERTO SANCHEZ Responsable de Automatización